I've seen the light (Record no. 75889)
[ view plain ]
| 000 -LEADER | |
|---|---|
| fixed length control field | 01174cab a2200193 4500 |
| 001 - CONTROL NUMBER | |
| control field | L130927 |
| 008 - FIXED-LENGTH DATA ELEMENTS--GENERAL INFORMATION | |
| fixed length control field | 050919n2005 000 0 eng u |
| 035 ## - SYSTEM CONTROL NUMBER | |
| System control number | (Sirsi) u130927 |
| 041 0# - LANGUAGE CODE | |
| Language code of text/sound track or separate title | eng |
| 100 1# - MAIN ENTRY--PERSONAL NAME | |
| Personal name | Redmond, John |
| 245 00 - TITLE STATEMENT | |
| Title | I've seen the light |
| 260 ## - PUBLICATION, DISTRIBUTION, ETC. | |
| Date of publication, distribution, etc. | 2005 |
| 490 #0 - SERIES STATEMENT | |
| Series statement | Building |
| Volume/sequential designation | 270 (8397) 9 September 2005, 51(1) |
| 520 ## - SUMMARY, ETC. | |
| Summary, etc. | Looks at recent developments in mediation with particular reference to its use by government agencies. Includes a link to a report that outlines the use of mediation by government agencies, "Monitoring the effectiveness of the Government's committment to using alternative dispute resolution." |
| 590 ## - LOCAL NOTE (RLIN) | |
| Local note | IKA270905 |
| 690 ## - LOCAL SUBJECT ADDED ENTRY--TOPICAL TERM (OCLC, RLIN) | |
| Topical term or geographic name as entry element | MANAGEMENT- DISPUTE AVOIDANCE, MANAGEMENT AND RESOLUTION-DISPUTE MANAGEMENT AND RESOLUTION-ALTERNATIVE DISPUTE RESOLUTION-ASSISTED NEGOTIATION-MEDIATION |
| 856 40 - ELECTRONIC LOCATION AND ACCESS | |
| Uniform Resource Identifier | <a href="https://webcache.googleusercontent.com/search?hl=en&spell=1&gs_sm=e&gs_upl=28142l31505l0l32852l2l2l0l0l0l0l198l293l1.1l2l0&q=cache:cHl0q2YKafAJ:http://www.civilmediation.org/downloads-get?id=115+www.civilmediation.org/downloads-get%3Fid%3D115&ct=clnk">https://webcache.googleusercontent.com/search?hl=en&spell=1&gs_sm=e&gs_upl=28142l31505l0l32852l2l2l0l0l0l0l198l293l1.1l2l0&q=cache:cHl0q2YKafAJ:http://www.civilmediation.org/downloads-get?id=115+www.civilmediation.org/downloads-get%3Fid%3D115&ct=clnk</a> |
| Public note | View the item free of charge at www.civilmediation.org |
| 942 ## - ADDED ENTRY ELEMENTS (KOHA) | |
| Suppress in OPAC | 0 |
| Withdrawn status | Lost status | Source of classification or shelving scheme | Damaged status | Not for loan | Home library | Current library | Shelving location | Date acquired | Total Checkouts | Full call number | Barcode | Date last seen | Copy number | Price effective from | Koha item type |
|---|---|---|---|---|---|---|---|---|---|---|---|---|---|---|---|
| Dewey Decimal Classification | London | London | Journal article | 19/09/2005 | L130927 | 130927-1001 | 06/08/2019 | 1 | 06/08/2019 | Journal article |